Drilling Down : The Civil Society Guide to Extractive Industry Revenues and the EITI (Record no. 1023)

MARC details
000 -LEADER
fixed length control field 00544nam a2200169Ia 4500
008 - FIXED-LENGTH DATA ELEMENTS--GENERAL INFORMATION
fixed length control field 240428s9999||||xx |||||||||||||| ||und||
020 ## - INTERNATIONAL STANDARD BOOK NUMBER
International Standard Book Number 9780981766508
041 ## - LANGUAGE CODE
Language code of text/sound track or separate title eng
082 ## - DEWEY DECIMAL CLASSIFICATION NUMBER
Classification number 338.2G
100 ## - MAIN ENTRY--PERSONAL NAME
Personal name David L. Goldwyn (ed.)
245 #0 - TITLE STATEMENT
Title Drilling Down : The Civil Society Guide to Extractive Industry Revenues and the EITI
260 ## - PUBLICATION, DISTRIBUTION, ETC.
Name of publisher, distributor, etc. Revenue Watch Institute
Place of publication, distribution, etc. New York, NY
Date of publication, distribution, etc. 2008
300 ## - PHYSICAL DESCRIPTION
Extent 240p. : diag. tabs
650 ## - SUBJECT ADDED ENTRY--TOPICAL TERM
Topical term or geographic name entry element Civil Society - Petroleum industry and trade - Transparency in government
942 ## - ADDED ENTRY ELEMENTS (KOHA)
Koha item type Books
Holdings
Withdrawn status Lost status Damaged status Not for loan Home library Current library Shelving location Date acquired Total checkouts Full call number Date last seen Copy number Price effective from Koha item type
        Main Library Main Library Open Shelves 25/04/2022   338.2G 366 29/04/2024 1 29/04/2024 Books
©2026  Parliament of Ghana Library - All rights reserved